Score 0/30 Timer 03:00
3 Plays Today
% Correct
1◊◊◊◊◊◊◊◊ START→ ◊◊◊◊◊◊◊◊
100%
AOcean
99.9%
2◊◊◊◊◊◊◊◊ ◊◊◊◊◊◊◊◊ ◊◊◊◊◊◊◊◊
99.9%
3◊◊◊◊◊◊◊◊ ◊◊◊◊◊◊◊◊ ◊◊◊◊◊◊◊◊
99.9%
BOlympic Sport
82.9%
CStar Sign
77.8%
DCirculating Currency
73.2%
EEnglish Monarch First Name
71.3%
FNumber (1-20)
70.7%
GCountry
70%
HUS President
69.7%
IEuropean Union Language
68%
JMonth
66%
K'The Simpsons' Character
66%
LWild Cat Species
58.7%
% Correct
MPlanet
58.6%
NCanadian Province
58.5%
OShakespearean Character
56.1%
PBest Actor Oscar Winner
55.3%
RWorld Capital
43%
QChess Piece
42.8%
SItalian Island Region
40.9%
TBirthstone
38.9%
UUS State
37.6%
VUS Top 300 Girls Name
37.2%
WWeek Day
36.4%
XMusical Instrument
35.9%
YPrimary Color
34.9%
ZElement
34.5%
4◊◊◊◊◊◊◊◊ YOU WIN! ◊◊◊◊◊◊◊◊
33.3%

From the Vault

NHL Single Team Players (2000s)

by VEC

Sports 6m
Jarome Iginla may no longer be a Flame, but his loyalty clearly can't be questioned.
Remove Ads.
Support Sporcle.
Get the best of Sporcle when you Go Orange. This ad-free experience offers more features, more stats, and more fun while also helping to support Sporcle. Thank you for becoming a member.

Show Comments

Extras

Top Quizzes Today


Score Distribution

Your Account Isn't Verified!

In order to create a playlist on Sporcle, you need to verify the email address you used during registration. Go to your Sporcle Settings to finish the process.

Report this User

Report this user for behavior that violates our Community Guidelines.

Details: